Cerca de un acuerdo...¿cerca de la paz?: el laberinto de las negociaciones en Colombia /
Tallennettuna:
| Päätekijä: | |
|---|---|
| Aineistotyyppi: | Kirja |
| Kieli: | Spanish |
| Tagit: |
Lisää tagi
Ei tageja, Lisää ensimmäinen tagi!
|
MARC
| LEADER | 00000nam a22000007a 4500 | ||
|---|---|---|---|
| 003 | cru CIDCACS/IIS | ||
| 005 | 20170713095008.0 | ||
| 007 | ta | ||
| 008 | 170713s2015 ag ||||| |||| 00| 0 spa d | ||
| 999 | |c 19426 |d 19426 | ||
| 040 | |c cru CIDCACS/IIS | ||
| 100 | 1 | |9 4965 |a Niño, Catalina | |
| 245 | 1 | |a Cerca de un acuerdo...¿cerca de la paz?: |b el laberinto de las negociaciones en Colombia / |c Catalina Niño | |
| 300 | |a páginas 4-14 | ||
| 773 | 0 | |0 19022 |9 1033 |a Fundación Friedrich Ebert |d Fundación Friedrich Ebert; Nueva Sociedad |o 17402 |t Nueva Sociedad / | |
| 942 | |c PP | ||
